MARC details
| 000 -CABECERA |
| campo de control de longitud fija |
02179nam a2200325 i 4500 |
| 001 - NÚMERO DE CONTROL |
| campo de control |
10633868 |
| 003 - IDENTIFICADOR DEL NÚMERO DE CONTROL |
| campo de control |
CaAEU |
| 005 - FECHA Y HORA DE LA ÚLTIMA TRANSACCIÓN |
| campo de control |
20260513135217.0 |
| 006 - CÓDIGOS DE INFORMACIÓN DE LONGITUD FIJA--CARACTERÍSTICAS DEL MATERIAL ADICIONAL |
| campo de control de longitud fija |
m o d |
| 007 - CAMPO FIJO DE DESCRIPCIÓN FÍSICA--INFORMACIÓN GENERAL |
| campo de control de longitud fija |
cr cn||||||||| |
| 008 - DATOS DE LONGITUD FIJA--INFORMACIÓN GENERAL |
| campo de control de longitud fija |
211105s2025||||enk o ||1 0|eng|d |
| 020 ## - NÚMERO INTERNACIONAL ESTÁNDAR DEL LIBRO |
| Número Internacional Estándar del Libro |
9781009216074 |
| 039 ## - NIVEL DE CONTROL BIBLIOGRÁFICO Y DETALLES DE CODIFICACIÓN [OBSOLETO] |
| Nivel de reglas en descripción bibliográfica |
exclude |
| 040 ## - FUENTE DE LA CATALOGACIÓN |
| Centro catalogador/agencia de origen |
UkCbUP |
| Lengua de catalogación |
eng |
| Normas de descripción |
rda |
| Centro/agencia transcriptor |
UkCbUP |
| Centro/agencia modificador |
AEU |
| 041 ## - CÓDIGO DE LENGUA |
| Código de lengua del texto/banda sonora o título independiente |
eng |
| 050 00 - SIGNATURA TOPOGRÁFICA DE LA BIBLIOTECA DEL CONGRESO |
| Número de clasificación |
HD30.28 |
| Número de documento/Ítem |
.C348 2025 |
| 245 00 - MENCIÓN DE TÍTULO |
| Título |
Cambridge handbook of strategy as practice |
| Mención de responsabilidad, etc. |
/ edited by Damon Golsorkhi, Linda Rouleau, David Seidl, Ero Vaara. |
| 250 ## - MENCIÓN DE EDICIÓN |
| Mención de edición |
Third edition. |
| 260 ## - PUBLICACIÓN, DISTRIBUCIÓN, ETC. |
| Lugar de publicación, distribución, etc. |
Cambridge ; |
| -- |
New York, NY : |
| Nombre del editor, distribuidor, etc. |
Cambridge University Press, |
| Fecha de publicación, distribución, etc. |
2025. |
| 300 ## - DESCRIPCIÓN FÍSICA |
| Extensión |
xviii, 810 pages : |
| Otras características físicas |
illustrations, charts, tables (black and white) ; |
| Dimensiones |
25 cm. |
| 500 ## - NOTA GENERAL |
| Nota general |
Title from publisher's bibliographic system (viewed on 17 Mar 2025). |
| 520 ## - SUMARIO, ETC. |
| Sumario, etc. |
Now in its third edition, this Handbook is essential for students and researchers in Strategic Management and Organizational Theory and Behaviour. The Strategy as Practice approach moves away from the disembodied and asocial study of firm assets, technologies and practices, towards the study of strategizing as an activity. Strategy is understood as something people do rather than something a firm has. This perspective explores how strategizing contributes to an organizations' daily operations at all levels. Through detailed empirical studies of the everyday activities and practice of people engaged in strategizing, the Handbook investigates who strategists are, what strategists do, how they do it, and what the consequences of their actions are. Featuring new authors and additional or fundamentally updated and revised chapters, this edition provides a state-of-the-art overview of recent reflections and works in this rapidly growing stream of strategic management, whilst also presenting a research agenda for the next decade. |
| 630 #0 - PUNTO DE ACCESO ADICIONAL DE MATERIA--TÍTULO UNIFORME |
| Título uniforme |
MSc International Business |
| 9 (RLIN) |
26977 |
| 650 #0 - PUNTO DE ACCESO ADICIONAL DE MATERIA--TÉRMINO DE MATERIA |
| Término de materia o nombre geográfico como elemento de entrada |
Strategic planning |
| Subdivisión de forma |
Handbooks, manuals etc. |
| 9 (RLIN) |
6970 |
| 700 ## - ENTRADA AGREGADA--NOMBRE PERSONAL |
| Nombre de persona |
Golsorkhi, Damon |
| Término indicativo de función/relación |
editor |
| 9 (RLIN) |
13096 |
| 700 ## - ENTRADA AGREGADA--NOMBRE PERSONAL |
| Nombre de persona |
Rouleau, Linda |
| Término indicativo de función/relación |
editor |
| 9 (RLIN) |
13097 |
| 700 ## - ENTRADA AGREGADA--NOMBRE PERSONAL |
| Nombre de persona |
Seidl, David |
| Término indicativo de función/relación |
editor |
| 9 (RLIN) |
13098 |
| 700 ## - ENTRADA AGREGADA--NOMBRE PERSONAL |
| Nombre de persona |
Vaara, Eero |
| Término indicativo de función/relación |
editor |
| 9 (RLIN) |
13095 |
| 942 ## - ELEMENTOS DE ENTRADA AGREGADA (KOHA) |
| Fuente del sistema de clasificación o colocación |
Clasificación de Library of Congress |